| 000 | 00600nam a2200205 u 4500 | ||
|---|---|---|---|
| 005 | 20221129063749.0 | ||
| 008 | 100603s2009 mx r 000 0 spa d | ||
| 020 | _a9786074210149 | ||
| 035 | _aUPN01000176319 | ||
| 049 | _aCG | ||
| 050 | 4 |
_aPQ7298.13 R6.7 _bA6.2 |
|
| 100 | 1 |
_aCrosthwaite, Luis Humberto, _d1962- _934285 |
|
| 245 | 1 | 0 |
_aAparta de mí este cáliz / _cLuis Humberto Crosthwaite. |
| 260 |
_aMéxico : _bTusquets, _c2009. |
||
| 300 | _a138 p. | ||
| 440 | 0 | _aAndanzas | |
| 650 | 4 |
_aNovela mexicana _ySiglo XXI _916447 |
|
| 600 | 0 | 4 |
_aJESUCRISTO EN LA LITERATURA _98180 |
| 905 | _aLibro | ||
| 999 |
_c148422 _d148422 |
||